| 000 | 00422nam a2200145Ia 4500 | ||
|---|---|---|---|
| 008 | 210210b1985 xxu||||| |||| 00| 0 eng d | ||
| 082 | _a361 CHOP | ||
| 100 | _aCHOWDHRY (D Paul). | ||
| 245 | _aProfile of social welfare and development in india. | ||
| 260 |
_aND _bM N Publishers & Distributors _c1985 |
||
| 300 | _aviii,340 | ||
| 650 | _aSocial welfare social development | ||
| 690 | _aSocial Welfare | ||
| 906 | _a059263 | ||
| 999 |
_c106499 _d106499 |
||